000 00307nam a2200121Ia 4500
005 20251028132339.0
008 251020t2011||||xx |||||||||||||| ||spa||
041 _aspa
100 _aRamírez Huaroto, Beatriz
245 0 _aLos lentes de género en la justicia internacional
260 _c2011
942 _CLB
_cLB
999 _c760
_d760